Comisión de la Mujer. Foro: Una nueva experiencia cantonal /
Kaydedildi:
| Yazar: | |
|---|---|
| Diğer Yazarlar: | |
| Materyal Türü: | Metin |
| Konular: | |
| Etiketler: |
Etiketle
Etiket eklenmemiş, İlk siz ekleyin!
|
MARC
| LEADER | 00000 a a2200000 04500 | ||
|---|---|---|---|
| 001 | 17201 | ||
| 003 | |||
| 040 | |||
| 100 | |a Fournier Vargas, Alicia | ||
| 245 | |a Comisión de la Mujer. Foro: |b Una nueva experiencia cantonal / |c Alicia Fournier Vargas | ||
| 650 | |a DERECHOS DE LA MUJER | ||
| 650 | |a PARTICIPACION POLITICA | ||
| 650 | |a DESCENTRALIZACION | ||
| 650 | |a PARTICIPACION COMUNITARIA | ||
| 650 | |a REFORMA ADMINISTRATIVA | ||
| 700 | |a Aguiluz Barboza, Virginia Consuelo |a Castro Ulate, Ligia Mireya |a Urpí Pacheco, Irene |a Merino del Río, José |a Valerín Rodríguez, Gloria |a Clachar Rivas, Marisol |a Castañeda Ramírez, María Teresa |a Lizano, Mariam |a Fonseca, Lidieth |a Quesa | ||
| 773 | |g volumen 9, número 2; páginas 149-217 | ||
| 999 | |c 26200 |d 26200 | ||
